Harry Potter: la Fontaine de la Fraternité magique - Statistiques

Statistiques générales
  • Ce quiz a été pris 36 fois
  • Le résultat moyen est 8 sur 10
Statistiques - réponses
Information Réponses % Correct
Matériau utilisé Or
100%
Dernière apparition Harry Potter et les Reliques de la Mort
96%
Première apparition Harry Potter et l'Ordre du Phenix
96%
Localisation Ministère de la Magie
79%
Personnage représenté Centaure
75%
Personnage représenté Sorcier
75%
Personnage représenté Elfe
71%
Personnage représenté Gobelin
71%
Personnage représenté Sorciere
54%
Utilisation Collecte de dons pour l'Hôpital Ste Mangouste
39%
Aucun quiz correspondant
Distribution des résultats
% des personnes avec chaque résultat
Percentile par nombre de réponses
Votre historique - résultats
Vous n’avez pas pris ce quiz